My a oni

Titel: My a oni : česko-německé stýkání a potýkání ve dvacátém století : výběr prací středoškolských studentů ve 4. ročníku dějepisné soutěže Eustory / [sestavili V. Čelko ... et al.]
Beteiligt:
Ausgabe: 1. vyd.
Veröffentlicht: Praha : Ústav pro soudobé dějiny AV ČR, 2008
Umfang: 134 S.
Format: Buch
Sprache: Tschechisch
Schriftenreihe/
mehrbändiges Werk:
Edice Eustory ; 4
RVK-Notation:
Schlagworte:
ISBN: 9788072850945
Buchumschlag
X
Lokale Klassifikation: 25 3 H ; 62 7 O ; 62 7 R
alg: 20730455
001A    $03004:05-12-08 
001B    $06055:01-03-26 $t18:35:31.000 
001D    $03004:05-12-08 
001U    $0utf8 
001X    $00 
002@    $0Aau 
003@    $0207304556 
003O    $0403632724 $aOCoLC 
004A    $A978-80-7285-094-5 
007A    $0207304556 $aHEB 
007G    $0DE020FCAB53B94DB4D25AC1257AC40057196F 
007T    $0Herdpp121807 
009P    $qapplication/pdf $A2 $3Inhaltsverzeichnis $uhttp://scans.hebis.de/HEBCGI/show.pl?20730455_toc.pdf $mV:DE-603;B:DE-Mb50 
010@    $acze 
011@    $a2008 
013H    $0z 
021A    $aMy a oni $dčesko-německé stýkání a potýkání ve dvacátém století : výběr prací středoškolských studentů ve 4. ročníku dějepisné soutěže Eustory $h[sestavili V. Čelko ... et al.] 
028C    $7 $8Čelko, Vojtech [Tnu] $9207304610 
032@    $a1. vyd. 
033A    $pPraha $nÚstav pro soudobé dějiny AV ČR 
034D    $a134 S. 
036E    $aEdice Eustory $l4 
036F    $x14 $8Edice Eustory $919568835X $l4 
044K    $RTschechin $#Czechs $#Tchèques $#Tschechen $#Tscheche $#Tschechen $#Czechs $D20251120 $Ecgmnf $74061083-4 $8Tschechen [Ts1] $9085169609 
044K    $RDeutsche Frau $#Deutsche $#Deutscher $#Deutsche $#Deutscher $#Deutscher Mann $D20251120 $Ecgmnf $74070334-4 $8Deutsche [Ts1] $9085197807 
045F    $a306.094371 $eDDC23BSB 
045F/01 $a306.09 
045F/03 $g4371 
045G    $a900.9430904 $eDDC23BSB 
045G/01 $a900 
045G/03 $f0904 
045G/03 $g43 
045G/03 $g437 
045H    $a909 $eDDC23BSB 
045H/01 $a909 
045H/03 $g43 
045H/03 $g437 
045Z    $D20251120 $Ecgmnf $8GB 3010 [Tkv] $9408290765 

lok: 20730455 24
101B    $010-12-08 $t15:40:45.000 
101C    $010-12-08 
101U    $0utf8 
145Z/01 $a25 3 H 
145Z/02 $a62 7 O 
145Z/03 $a62 7 R 

exp: 20730455 24 1 #EPN
201B/01 $010-12-08 $t15:40:45.000 
201C/01 $005-12-08 
201U/01 $0utf8 
203@/01 $0564370185 
208@/01 $a10-12-08 $bz 
209A/01 $a08.5680 $du $f050 $h08 5680 $x00 
209C/01 $a08.5680 T $h08 5680 T 
209G/01 $a71800407 $x00 
220C/01 $akon 
247C/01 $8358050-7 Marburg, Bibliothek des Herder-Instituts Marburg $9102600961 

lok: 20730455 78

exp: 20730455 78 1 #EPN
201B/01 $026-11-17 $t00:20:37.000 
201U/01 $0utf8 
203@/01 $0792068076 
208@/01 $a12-11-16 $be 
209A/01 $a/ $f000 $x00 
220C/01 $aHerkunft: Hú Av Čr Praha 
237A/01 $aweiterführende Signatur(en): Herder-Institut: 08.5680 
244Z/01 $#Tschechien $#Tschechische Republik $#Tschechien $#Tschechische Republik $#Tschechenland $#Tschechei Tschechien $#Česká Republika $#Czech Republic $#ČR $74303381-7 $8--Tg1--Tschechien $x01 $9086659812 
244Z/01 $2Trx $#Böhmen $#Bohemia $#Czechy $8--Trx--Čechy $x02 $9391188941 
244Z/01 $aGeschichte 1900-2000 $x03 
244Z/01 $asoutěže studentské $x04 
244Z/01 $2Trx $#suhted, Saksa-Tšehhi $#santykiai, čekų ir vokiečių $#relations, Czech-German $#kapcsolatok, cseh-német $#stosunki czesko-niemieckie $#vzťahy česko-nemecké $#vztahy česko-německé $#Beziehungen, böhmisch-deutsche $8--Trx--Beziehungen, deutsch-tschechische $x05 $939137205X 
244Z/01 $2Trx $#dzieło zbiorowe $8--Trx--Sammelwerk $x06 $9391384597 
247C/01 $82080>Marburg/Lahn, Herder-Institut, Forschungsbibliothek, Bibliographieportal $9336309341
LEADER 00000cam a2200000 c 4500
001 207304556
003 DE-603
005 20260301183531.0
007 tu
008 081205s2008 xx |||| | u00||u|cze c
020 |a 9788072850945 
035 |a (DE-599)HEB207304556 
035 |a (OCoLC)403632724 
040 |a DE-603  |b ger  |c DE-603  |d DE-603 
041 |a cze 
082 0 4 |8 1\u  |a 306.094371  |q DE-101  |2 23/BSB 
083 0 |8 2\u  |a 900.9430904  |q DE-101  |2 23/BSB 
083 0 |8 3\u  |a 909  |q DE-101  |2 23/BSB 
084 |a GB 3010  |0 (DE-625)38160:  |0 (DE-603)408290765  |2 rvk 
085 |8 1\u  |b 306.09 
085 |8 1\u  |z 2  |s 4371 
085 |8 2\u  |b 900 
085 |8 2\u  |z 1  |s 0904 
085 |8 2\u  |z 2  |s 43 
085 |8 2\u  |z 2  |s 437 
085 |8 3\u  |b 909 
085 |8 3\u  |z 2  |s 43 
085 |8 3\u  |z 2  |s 437 
245 0 0 |a My a oni  |b česko-německé stýkání a potýkání ve dvacátém století : výběr prací středoškolských studentů ve 4. ročníku dějepisné soutěže Eustory  |c [sestavili V. Čelko ... et al.] 
250 |a 1. vyd. 
264 1 |a Praha  |b Ústav pro soudobé dějiny AV ČR  |c 2008 
300 |a 134 S. 
490 1 |a Edice Eustory  |v 4 
650 7 |a Tschechen  |0 (DE-588)4061083-4  |0 (DE-603)085169609  |2 gnd 
650 7 |a Deutsche  |0 (DE-588)4070334-4  |0 (DE-603)085197807  |2 gnd 
700 1 |a Čelko, Vojtech  |0 (DE-603)207304610 
830 0 |t Edice Eustory  |v 4  |w (DE-603)19568835X  |w (DE-600)2133509-6  |9 14  |7 as 
856 4 2 |m V:DE-603;B:DE-Mb50  |q application/pdf  |u http://scans.hebis.de/HEBCGI/show.pl?20730455_toc.pdf  |3 Inhaltsverzeichnis 
924 0 |9 Mb 50  |a (DE-603)564370185  |b DE-Mb50  |c HES  |d c  |g 08.5680 
924 0 |9 2080  |a (DE-603)792068076  |b DE-2080  |c HES  |d d  |g /